[Event "MP do 16 lat - chlopcy"]
[Site "Sypniewo"]
[Date "2022.03.26"]
[Round "8.2"]
[White "Karolczuk, Iwo"]
[Black "Klimkowski, Jan"]
[Result "1/2-1/2"]
[BlackElo "2350"]
[WhiteElo "2328"]
[LiveChessVersion "1.4.8"]

1. d4 {[%clk 1:30:58]} Nf6 {[%clk 1:30:56]} 2. Nf3 {[%clk 1:31:23]} e6
{[%clk 1:31:21]} 3. c4 {[%clk 1:31:47]} d5 {[%clk 1:31:47]} 4. e3
{[%clk 1:28:40]} Be7 {[%clk 1:31:54]} 5. b3 {[%clk 1:28:27]} O-O {[%clk 1:31:55]}
6. Bb2 {[%clk 1:27:25]} c5 {[%clk 1:24:58]} 7. Bd3 {[%clk 1:22:03]} dxc4
{[%clk 1:24:50]} 8. bxc4 {[%clk 1:22:24]} Nc6 {[%clk 1:23:49]} 9. O-O
{[%clk 1:22:40]} b6 {[%clk 1:22:57]} 10. Nbd2 {[%clk 1:15:55]} Bb7
{[%clk 1:21:06]} 11. Qe2 {[%clk 1:11:12]} Rc8 {[%clk 1:19:44]} 12. Rac1
{[%clk 1:07:44]} Re8 {[%clk 1:10:34]} 13. Rfd1 {[%clk 1:06:44]} Qc7
{[%clk 1:05:46]} 14. Bb1 {[%clk 0:50:12]} Ba6 {[%clk 1:02:18]} 15. Ne5
{[%clk 0:39:43]} Red8 {[%clk 0:58:47]} 16. Ndf3 {[%clk 0:36:21]} Nxe5
{[%clk 0:57:30]} 17. Nxe5 {[%clk 0:35:54]} Qb7 {[%clk 0:54:31]} 18. Bd3
{[%clk 0:34:17]} Qa8 {[%clk 0:51:54]} 19. Rc2 {[%clk 0:29:17]} Bb7
{[%clk 0:51:41]} 20. f3 {[%clk 0:27:17]} h6 {[%clk 0:49:40]} 21. Rcd2
{[%clk 0:25:43]} cxd4 {[%clk 0:41:35]} 22. exd4 {[%clk 0:26:03]} a6
{[%clk 0:41:23]} 23. Qe3 {[%clk 0:22:24]} b5 {[%clk 0:39:38]} 24. c5
{[%clk 0:18:56]} Nd5 {[%clk 0:38:35]} 25. Qe4 {[%clk 0:17:57]} f5
{[%clk 0:38:50]} 26. Qe1 {[%clk 0:17:23]} Bg5 {[%clk 0:38:38]} 27. Ng6
{[%clk 0:13:08]} Kf7 {[%clk 0:34:57]} 28. Ne5+ {[%clk 0:13:14]} Kg8
{[%clk 0:35:22]} 29. Ng6 {[%clk 0:13:37]} Kf7 {[%clk 0:34:41]} 30. Ne5+
{[%clk 0:14:01]} Kg8 {[%clk 0:35:07]} 31. Ng6 {[%clk 0:14:21]} 1/2-1/2

[Event "MP do 16 lat - chlopcy"]
[Site "Sypniewo"]
[Date "2022.03.26"]
[Round "8.3"]
[White "Kazmierowski, Tymon"]
[Black "Chyzy, Jakub"]
[Result "1/2-1/2"]
[BlackElo "2227"]
[WhiteElo "2032"]
[LiveChessVersion "1.4.8"]

1. d4 {[%clk 1:30:58]} Nf6 {[%clk 1:30:53]} 2. c4 {[%clk 1:31:22]} c5
{[%clk 1:31:20]} 3. e3 {[%clk 1:31:26]} e6 {[%clk 1:31:17]} 4. Nc3
{[%clk 1:31:41]} cxd4 {[%clk 1:28:24]} 5. exd4 {[%clk 1:32:04]} d5
{[%clk 1:28:52]} 6. c5 {[%clk 1:31:58]} b6 {[%clk 1:28:04]} 7. b4
{[%clk 1:31:38]} a5 {[%clk 1:24:41]} 8. Na4 {[%clk 1:30:04]} axb4
{[%clk 1:08:10]} 9. Nxb6 {[%clk 1:29:38]} Ra5 {[%clk 1:08:00]} 10. Nxc8
{[%clk 1:07:41]} Qxc8 {[%clk 1:08:19]} 11. Nf3 {[%clk 1:08:01]} Nc6
{[%clk 1:07:44]} 12. Bf4 {[%clk 1:05:36]} Ne4 {[%clk 1:06:33]} 13. Bd3
{[%clk 1:02:44]} Nc3 {[%clk 0:48:48]} 14. Qc2 {[%clk 0:58:19]} Be7
{[%clk 0:48:28]} 15. Bd2 {[%clk 0:41:46]} e5 {[%clk 0:45:08]} 16. Bxc3
{[%clk 0:37:09]} bxc3 {[%clk 0:39:46]} 17. Nxe5 {[%clk 0:35:33]} Nxe5
{[%clk 0:37:16]} 18. dxe5 {[%clk 0:35:58]} Qxc5 {[%clk 0:26:58]} 19. O-O
{[%clk 0:33:32]} g6 {[%clk 0:26:43]} 20. Rfb1 {[%clk 0:23:13]} O-O
{[%clk 0:26:35]} 21. e6 {[%clk 0:23:08]} fxe6 {[%clk 0:15:04]} 22. Bxg6
{[%clk 0:23:28]} Bg5 {[%clk 0:08:38]} 23. Bxh7+ {[%clk 0:13:43]} Kh8
{[%clk 0:09:02]} 24. Rf1 {[%clk 0:13:37]} Ra7 {[%clk 0:03:30]} 25. Bd3
{[%clk 0:12:17]} e5 {[%clk 0:01:17]} 26. Qe2 {[%clk 0:10:12]} e4 {[%clk 0:01:29]}
27. Bc2 {[%clk 0:10:32]} Rh7 {[%clk 0:01:14]} 28. Qg4 {[%clk 0:05:19]} Bf6
{[%clk 0:00:34]} 29. Rad1 {[%clk 0:04:38]} Qd6 {[%clk 0:00:38]} 30. g3
{[%clk 0:01:20]} Qe5 {[%clk 0:00:54]} 31. f4 {[%clk 0:01:39]} Qd6
{[%clk 0:00:57]} 32. Kg2 {[%clk 0:01:07]} Qc6 {[%clk 0:00:42]} 33. Qf5
{[%clk 0:00:41]} Qa6 {[%clk 0:00:33]} 34. Rf2 {[%clk 0:00:38]} Rh6
{[%clk 0:00:35]} 35. Qxd5 {[%clk 0:00:39]} e3 {[%clk 0:01:00]} 36. Bd3
{[%clk 0:00:51]} Qa4 {[%clk 0:00:34]} 37. Bc2 {[%clk 0:01:11]} Qa6
{[%clk 0:00:37]} 38. Bd3 {[%clk 0:01:35]} Qa4 {[%clk 0:00:32]} 39. Bc2
{[%clk 0:01:53]} Qa6 {[%clk 0:00:32]} 1/2-1/2

[Event "MP do 16 lat - chlopcy"]
[Site "Sypniewo"]
[Date "2022.03.26"]
[Round "8.4"]
[White "Wojdak, Jan"]
[Black "Kutowski, Marcel"]
[Result "1/2-1/2"]
[BlackElo "1914"]
[WhiteElo "2143"]
[LiveChessVersion "1.4.8"]

1. e4 {[%clk 1:30:57]} c5 {[%clk 1:30:54]} 2. Nf3 {[%clk 1:31:23]} d6
{[%clk 1:31:20]} 3. d4 {[%clk 1:31:46]} cxd4 {[%clk 1:31:46]} 4. Nxd4
{[%clk 1:32:12]} Nf6 {[%clk 1:32:11]} 5. Nc3 {[%clk 1:32:38]} a6 {[%clk 1:32:35]}
6. g3 {[%clk 1:33:03]} e5 {[%clk 1:32:35]} 7. Nb3 {[%clk 1:33:28]} Be7
{[%clk 1:32:39]} 8. Bg2 {[%clk 1:33:48]} Be6 {[%clk 1:29:48]} 9. a4
{[%clk 1:34:09]} Nbd7 {[%clk 1:29:48]} 10. a5 {[%clk 1:30:43]} Qc7
{[%clk 1:27:38]} 11. O-O {[%clk 1:31:03]} O-O {[%clk 1:25:55]} 12. h3
{[%clk 1:27:52]} b5 {[%clk 1:17:23]} 13. axb6 {[%clk 1:17:36]} Nxb6
{[%clk 1:17:42]} 14. Re1 {[%clk 1:08:40]} Rfc8 {[%clk 1:13:37]} 15. g4
{[%clk 1:06:21]} Nc4 {[%clk 1:09:16]} 16. Qf3 {[%clk 0:54:07]} a5
{[%clk 1:02:15]} 17. g5 {[%clk 0:50:15]} Nd7 {[%clk 0:58:46]} 18. Qg3
{[%clk 0:50:06]} Ndb6 {[%clk 0:56:09]} 19. Nd2 {[%clk 0:47:14]} Nxd2
{[%clk 0:55:07]} 20. Bxd2 {[%clk 0:46:45]} a4 {[%clk 0:41:07]} 21. Red1
{[%clk 0:43:26]} Nc4 {[%clk 0:32:40]} 22. Bc1 {[%clk 0:40:05]} Qc6
{[%clk 0:20:57]} 23. Nd5 {[%clk 0:27:09]} Bxd5 {[%clk 0:20:41]} 24. exd5
{[%clk 0:27:26]} Qb5 {[%clk 0:16:09]} 25. Qd3 {[%clk 0:24:37]} Rab8
{[%clk 0:15:53]} 26. Ra2 {[%clk 0:23:44]} Qc5 {[%clk 0:13:50]} 27. Bf1
{[%clk 0:16:13]} a3 {[%clk 0:10:56]} 28. bxa3 {[%clk 0:15:46]} Rb1
{[%clk 0:08:38]} 29. c3 {[%clk 0:05:34]} Rb3 {[%clk 0:08:21]} 30. Qc2
{[%clk 0:05:20]} Na5 {[%clk 0:07:38]} 31. Be3 {[%clk 0:05:06]} Qxc3
{[%clk 0:06:25]} 32. Qxc3 {[%clk 0:05:34]} Rcxc3 {[%clk 0:06:45]} 33. a4
{[%clk 0:05:56]} Bd8 {[%clk 0:04:36]} 34. Bb5 {[%clk 0:06:11]} g6
{[%clk 0:03:24]} 35. Kg2 {[%clk 0:05:00]} h6 {[%clk 0:03:00]} 36. gxh6
{[%clk 0:03:10]} f5 {[%clk 0:03:17]} 37. Rc1 {[%clk 0:03:13]} Kh7
{[%clk 0:01:05]} 38. Rac2 {[%clk 0:03:07]} Rxc2 {[%clk 0:00:58]} 39. Rxc2
{[%clk 0:03:34]} f4 {[%clk 0:01:13]} 40. Ba7 {[%clk 0:32:00]} Kxh6
{[%clk 0:30:51]} 41. f3 {[%clk 0:22:31]} Nb7 {[%clk 0:13:46]} 42. Bf2
{[%clk 0:21:44]} Nc5 {[%clk 0:10:16]} 43. Bxc5 {[%clk 0:20:34]} dxc5
{[%clk 0:10:43]} 44. d6 {[%clk 0:19:41]} Bb6 {[%clk 0:06:06]} 45. Rc4
{[%clk 0:07:25]} Rb4 {[%clk 0:03:21]} 46. Rc2 {[%clk 0:07:16]} Rd4
{[%clk 0:03:09]} 47. d7 {[%clk 0:07:41]} Kg5 {[%clk 0:02:27]} 48. Kf1
{[%clk 0:05:40]} Kf6 {[%clk 0:02:19]} 49. Ke2 {[%clk 0:05:28]} g5
{[%clk 0:02:00]} 50. Bc6 {[%clk 0:04:50]} Ke7 {[%clk 0:01:32]} 51. Rb2
{[%clk 0:04:48]} Rb4 {[%clk 0:01:45]} 52. Rc2 {[%clk 0:02:43]} 1/2-1/2

[Event "MP do 16 lat - chlopcy"]
[Site "Sypniewo"]
[Date "2022.03.26"]
[Round "8.5"]
[White "Ciszewski, Krzysztof"]
[Black "Kolodziejski, Piotr"]
[Result "1/2-1/2"]
[BlackElo "2115"]
[WhiteElo "1939"]
[LiveChessVersion "1.4.8"]

1. d4 {[%clk 1:30:57]} Nf6 {[%clk 1:30:55]} 2. c4 {[%clk 1:31:22]} e6
{[%clk 1:31:22]} 3. Nc3 {[%clk 1:31:46]} Bb4 {[%clk 1:31:49]} 4. e3
{[%clk 1:32:10]} O-O {[%clk 1:31:59]} 5. Bd3 {[%clk 1:32:30]} d5 {[%clk 1:32:05]}
6. Nf3 {[%clk 1:32:40]} b6 {[%clk 1:32:10]} 7. O-O {[%clk 1:28:57]} Bb7
{[%clk 1:31:42]} 8. a3 {[%clk 1:28:53]} Be7 {[%clk 1:22:27]} 9. cxd5
{[%clk 1:24:19]} exd5 {[%clk 1:22:47]} 10. b4 {[%clk 1:19:05]} a6
{[%clk 1:21:22]} 11. Bb2 {[%clk 1:09:05]} Nbd7 {[%clk 1:21:03]} 12. Qb3
{[%clk 1:06:01]} Re8 {[%clk 1:16:14]} 13. a4 {[%clk 0:57:35]} Bd6
{[%clk 1:06:23]} 14. b5 {[%clk 0:56:43]} a5 {[%clk 1:03:06]} 15. Ba3
{[%clk 0:56:45]} Nf8 {[%clk 1:01:08]} 16. Bxd6 {[%clk 0:56:18]} cxd6
{[%clk 0:55:34]} 17. Rac1 {[%clk 0:55:19]} Qd7 {[%clk 0:52:54]} 18. Ne2
{[%clk 0:53:49]} g6 {[%clk 0:51:10]} 19. Rc2 {[%clk 0:45:52]} Ne6
{[%clk 0:48:55]} 20. Rfc1 {[%clk 0:45:23]} Rac8 {[%clk 0:45:54]} 21. Rxc8
{[%clk 0:37:53]} Rxc8 {[%clk 0:46:16]} 22. Rxc8+ {[%clk 0:37:32]} Qxc8
{[%clk 0:43:56]} 23. Qc2 {[%clk 0:36:27]} Ng7 {[%clk 0:37:35]} 24. Kf1
{[%clk 0:33:36]} Qxc2 {[%clk 0:37:51]} 25. Bxc2 {[%clk 0:34:04]} Kf8
{[%clk 0:37:20]} 26. Ng3 {[%clk 0:33:29]} Bc8 {[%clk 0:34:28]} 27. Nd2
{[%clk 0:29:10]} Ne6 {[%clk 0:30:41]} 28. f3 {[%clk 0:28:43]} Ng8
{[%clk 0:30:22]} 29. Bb3 {[%clk 0:25:42]} Bb7 {[%clk 0:29:59]} 30. Ne2
{[%clk 0:23:29]} f5 {[%clk 0:27:27]} 1/2-1/2

[Event "MP do 16 lat - chlopcy"]
[Site "Sypniewo"]
[Date "2022.03.26"]
[Round "8.6"]
[White "Backiel, Hubert"]
[Black "Malinowski, Szymon"]
[Result "1-0"]
[BlackElo "1675"]
[WhiteElo "2075"]
[LiveChessVersion "1.4.8"]

1. e4 {[%clk 1:28:37]} c6 {[%clk 1:30:53]} 2. d4 {[%clk 1:28:47]} d5
{[%clk 1:31:14]} 3. e5 {[%clk 1:29:13]} Bf5 {[%clk 1:31:36]} 4. Nd2
{[%clk 1:29:33]} e6 {[%clk 1:31:15]} 5. Nb3 {[%clk 1:29:57]} Nd7 {[%clk 1:30:55]}
6. Nf3 {[%clk 1:30:17]} a6 {[%clk 1:30:20]} 7. Be2 {[%clk 1:28:44]} c5
{[%clk 1:29:59]} 8. dxc5 {[%clk 1:27:51]} Nxc5 {[%clk 1:30:00]} 9. Nbd4
{[%clk 1:27:04]} Bg6 {[%clk 1:29:50]} 10. O-O {[%clk 1:26:34]} Ne7
{[%clk 1:30:09]} 11. Bg5 {[%clk 0:58:25]} Qb6 {[%clk 1:26:58]} 12. Be3
{[%clk 0:56:15]} Qc7 {[%clk 1:24:52]} 13. Rc1 {[%clk 0:54:01]} Nc6
{[%clk 1:21:41]} 14. c4 {[%clk 0:51:43]} Rd8 {[%clk 1:11:48]} 15. cxd5
{[%clk 0:42:28]} Rxd5 {[%clk 1:11:51]} 16. Bc4 {[%clk 0:42:47]} Rd8
{[%clk 1:11:28]} 17. Qe2 {[%clk 0:40:08]} Be7 {[%clk 0:56:30]} 18. Nxc6
{[%clk 0:29:55]} bxc6 {[%clk 0:55:16]} 19. Bxa6 {[%clk 0:26:09]} Nxa6
{[%clk 0:54:06]} 20. Qxa6 {[%clk 0:25:39]} Bd3 {[%clk 0:50:42]} 21. Qxc6+
{[%clk 0:25:02]} Qxc6 {[%clk 0:50:57]} 22. Rxc6 {[%clk 0:25:29]} Bxf1
{[%clk 0:51:17]} 23. Kxf1 {[%clk 0:25:55]} O-O {[%clk 0:49:28]} 24. Rc7
{[%clk 0:25:16]} Rfe8 {[%clk 0:47:56]} 25. Ke2 {[%clk 0:24:53]} f6
{[%clk 0:48:16]} 26. Nd4 {[%clk 0:21:34]} fxe5 {[%clk 0:47:13]} 27. Nb5
{[%clk 0:13:20]} Bf6 {[%clk 0:41:58]} 28. a4 {[%clk 0:09:22]} Rc8
{[%clk 0:41:11]} 29. Bb6 {[%clk 0:06:05]} Rb8 {[%clk 0:39:56]} 30. Rc6
{[%clk 0:05:24]} Re7 {[%clk 0:37:09]} 31. a5 {[%clk 0:05:24]} Rd7
{[%clk 0:29:59]} 32. a6 {[%clk 0:05:12]} Bd8 {[%clk 0:30:03]} 33. a7
{[%clk 0:04:15]} Ra8 {[%clk 0:30:28]} 34. Bxd8 {[%clk 0:03:20]} Rdxd8
{[%clk 0:30:30]} 35. Rb6 {[%clk 0:03:10]} Kf7 {[%clk 0:28:14]} 36. Rb7+
{[%clk 0:03:32]} Kf6 {[%clk 0:28:35]} 37. b4 {[%clk 0:03:32]} Rac8
{[%clk 0:28:18]} 38. Nc7 {[%clk 0:03:39]} e4 {[%clk 0:27:09]} 39. b5
{[%clk 0:02:39]} Ke5 {[%clk 0:26:47]} 40. b6 {[%clk 0:32:44]} g5 {[%clk 0:55:53]}
41. g4 {[%clk 0:28:10]} h6 {[%clk 0:56:15]} 42. Na6 {[%clk 0:19:13]} Rc2+
{[%clk 0:56:20]} 43. Kf1 {[%clk 0:18:53]} Rd1+ {[%clk 0:56:35]} 44. Kg2
{[%clk 0:19:18]} Rcc1 {[%clk 0:53:30]} 45. Rc7 {[%clk 0:18:13]} Rg1+
{[%clk 0:53:15]} 46. Kh3 {[%clk 0:18:36]} Ra1 {[%clk 0:53:30]} 47. Rc3
{[%clk 0:18:37]} Rxa6 {[%clk 0:52:34]} 48. b7 {[%clk 0:16:19]} 1-0

[Event "MP do 16 lat - chlopcy"]
[Site "Sypniewo"]
[Date "2022.03.26"]
[Round "8.7"]
[White "Myrmus, Mateusz"]
[Black "Janeczko, Jakub"]
[Result "1/2-1/2"]
[BlackElo "2053"]
[WhiteElo "1925"]
[LiveChessVersion "1.4.8"]

1. e4 {[%clk 1:30:58]} c5 {[%clk 1:30:42]} 2. Nf3 {[%clk 1:31:22]} Nc6
{[%clk 1:30:47]} 3. c3 {[%clk 1:31:47]} Nf6 {[%clk 1:30:49]} 4. e5
{[%clk 1:32:11]} Nd5 {[%clk 1:31:15]} 5. d4 {[%clk 1:32:35]} cxd4
{[%clk 1:31:40]} 6. Bc4 {[%clk 1:33:00]} Nb6 {[%clk 1:31:57]} 7. Bb3
{[%clk 1:33:23]} d6 {[%clk 1:32:21]} 8. exd6 {[%clk 1:33:48]} Qxd6
{[%clk 1:32:45]} 9. O-O {[%clk 1:34:10]} Be6 {[%clk 1:33:10]} 10. Na3
{[%clk 1:34:34]} a6 {[%clk 1:22:35]} 11. Ng5 {[%clk 1:19:42]} Nd8
{[%clk 1:04:29]} 12. Nxe6 {[%clk 1:12:35]} Nxe6 {[%clk 1:04:52]} 13. cxd4
{[%clk 1:11:20]} g6 {[%clk 0:58:21]} 14. d5 {[%clk 1:10:16]} Nc5 {[%clk 0:57:03]}
15. Nc4 {[%clk 1:08:23]} Nxc4 {[%clk 0:57:16]} 16. Bxc4 {[%clk 1:08:48]} Bg7
{[%clk 0:56:48]} 17. Qf3 {[%clk 1:08:15]} O-O {[%clk 0:54:14]} 18. Bf4
{[%clk 1:08:16]} Be5 {[%clk 0:54:32]} 19. Bxe5 {[%clk 1:06:35]} Qxe5
{[%clk 0:54:45]} 20. b4 {[%clk 1:06:56]} Nd7 {[%clk 0:36:59]} 21. d6
{[%clk 1:07:15]} Rac8 {[%clk 0:32:21]} 22. Qxb7 {[%clk 1:02:31]} Rxc4
{[%clk 0:29:46]} 23. Qxd7 {[%clk 1:02:55]} Qxd6 {[%clk 0:26:55]} 24. Qxd6
{[%clk 1:02:57]} exd6 {[%clk 0:27:21]} 25. Rfd1 {[%clk 1:02:41]} Rxb4
{[%clk 0:27:33]} 26. Rxd6 {[%clk 1:03:03]} Ra4 {[%clk 0:27:10]} 27. g3
{[%clk 1:03:18]} Rc8 {[%clk 0:27:23]} 28. Rd2 {[%clk 1:03:33]} Rc3
{[%clk 0:27:48]} 29. Re1 {[%clk 1:03:43]} Ra5 {[%clk 0:26:51]} 30. Kg2
{[%clk 1:04:00]} Rca3 {[%clk 0:27:12]} 31. Ree2 {[%clk 1:04:22]} 1/2-1/2

[Event "MP do 16 lat - chlopcy"]
[Site "Sypniewo"]
[Date "2022.03.26"]
[Round "8.8"]
[White "Herwy, Jakub"]
[Black "Kejna, Piotr"]
[Result "1/2-1/2"]
[BlackElo "2037"]
[WhiteElo "1947"]
[LiveChessVersion "1.4.8"]

1. e4 {[%clk 1:30:59]} d6 {[%clk 1:30:57]} 2. d4 {[%clk 1:27:29]} Nf6
{[%clk 1:31:08]} 3. Nc3 {[%clk 1:26:49]} g6 {[%clk 1:31:22]} 4. Be3
{[%clk 1:25:56]} c6 {[%clk 1:31:39]} 5. Qd2 {[%clk 1:25:46]} Bg7 {[%clk 1:31:43]}
6. O-O-O {[%clk 1:24:45]} b5 {[%clk 1:30:27]} 7. Bd3 {[%clk 1:17:36]} Nbd7
{[%clk 1:29:05]} 8. Nf3 {[%clk 1:15:52]} Nb6 {[%clk 1:25:43]} 9. Bh6
{[%clk 1:00:26]} O-O {[%clk 1:24:39]} 10. Bxg7 {[%clk 0:54:16]} Kxg7
{[%clk 1:25:08]} 11. e5 {[%clk 0:49:53]} Nfd5 {[%clk 1:23:49]} 12. Nxd5
{[%clk 0:42:45]} Nxd5 {[%clk 1:23:27]} 13. Be4 {[%clk 0:42:38]} Rb8
{[%clk 1:14:22]} 14. h4 {[%clk 0:33:58]} h5 {[%clk 1:13:49]} 15. Ng5
{[%clk 0:30:08]} b4 {[%clk 1:10:11]} 16. Bxd5 {[%clk 0:26:34]} cxd5
{[%clk 1:10:20]} 17. e6 {[%clk 0:26:44]} f6 {[%clk 1:05:52]} 18. Nf7
{[%clk 0:26:55]} Rxf7 {[%clk 1:06:17]} 19. exf7 {[%clk 0:27:18]} Bf5
{[%clk 1:05:33]} 20. Qe3 {[%clk 0:26:30]} Kxf7 {[%clk 1:01:47]} 21. Rhe1
{[%clk 0:23:10]} Qc7 {[%clk 0:59:01]} 22. Re2 {[%clk 0:21:45]} Rb6
{[%clk 0:45:50]} 23. Qb3 {[%clk 0:19:05]} e6 {[%clk 0:45:48]} 24. Kd2
{[%clk 0:16:53]} Rc6 {[%clk 0:45:09]} 25. c3 {[%clk 0:16:28]} Rc4
{[%clk 0:43:59]} 26. a3 {[%clk 0:14:54]} a5 {[%clk 0:40:11]} 27. axb4
{[%clk 0:15:04]} axb4 {[%clk 0:40:32]} 28. Ra1 {[%clk 0:14:06]} e5
{[%clk 0:38:41]} 29. dxe5 {[%clk 0:14:18]} Qb7 {[%clk 0:32:43]} 30. e6+
{[%clk 0:12:44]} Bxe6 {[%clk 0:32:48]} 31. cxb4 {[%clk 0:12:11]} Rxb4
{[%clk 0:32:34]} 32. Qe3 {[%clk 0:12:20]} Rxb2+ {[%clk 0:32:39]} 33. Kc1
{[%clk 0:12:30]} Rxe2 {[%clk 0:31:15]} 34. Ra7 {[%clk 0:12:23]} Qxa7
{[%clk 0:26:30]} 1/2-1/2

[Event "MP do 16 lat - chlopcy"]
[Site "Sypniewo"]
[Date "2022.03.26"]
[Round "8.9"]
[White "Madej, Marek"]
[Black "Maslanka, Wojciech"]
[Result "1/2-1/2"]
[BlackElo "1980"]
[WhiteElo "2017"]
[LiveChessVersion "1.4.8"]

1. e4 {[%clk 1:30:57]} c5 {[%clk 1:30:43]} 2. Nf3 {[%clk 1:31:14]} d6
{[%clk 1:31:07]} 3. d4 {[%clk 1:31:35]} cxd4 {[%clk 1:31:30]} 4. Nxd4
{[%clk 1:32:02]} Nf6 {[%clk 1:31:52]} 5. Nc3 {[%clk 1:32:27]} a6 {[%clk 1:32:17]}
6. h4 {[%clk 1:32:18]} e5 {[%clk 1:31:49]} 7. Nb3 {[%clk 1:32:43]} Be6
{[%clk 1:31:15]} 8. f4 {[%clk 1:32:39]} g6 {[%clk 1:28:18]} 9. fxe5
{[%clk 1:11:55]} dxe5 {[%clk 1:27:06]} 10. Qxd8+ {[%clk 1:11:11]} Kxd8
{[%clk 1:27:23]} 11. Bg5 {[%clk 1:11:16]} Nbd7 {[%clk 1:24:15]} 12. Na5
{[%clk 1:02:18]} Bb4 {[%clk 1:11:57]} 13. Nc4 {[%clk 0:49:34]} Kc7
{[%clk 1:06:20]} 14. Nxe5 {[%clk 0:36:45]} Nxe4 {[%clk 1:05:48]} 15. Bf4
{[%clk 0:36:51]} Nxc3 {[%clk 1:04:59]} 16. Nd3+ {[%clk 0:35:44]} Bd6
{[%clk 1:04:48]} 17. bxc3 {[%clk 0:32:44]} Bg4 {[%clk 1:02:01]} 18. Bxd6+
{[%clk 0:30:58]} Kxd6 {[%clk 1:02:22]} 19. Rb1 {[%clk 0:30:50]} b5
{[%clk 1:01:28]} 20. Rb4 {[%clk 0:27:52]} Rhe8+ {[%clk 0:56:38]} 21. Kd2
{[%clk 0:27:11]} Nf6 {[%clk 0:55:21]} 22. Rd4+ {[%clk 0:25:59]} Kc7
{[%clk 0:55:19]} 23. Nf2 {[%clk 0:22:10]} Be6 {[%clk 0:52:03]} 24. a4
{[%clk 0:18:21]} bxa4 {[%clk 0:47:52]} 25. Rxa4 {[%clk 0:15:45]} a5
{[%clk 0:46:10]} 26. Bd3 {[%clk 0:14:22]} Bd7 {[%clk 0:44:43]} 27. Rc4+
{[%clk 0:11:58]} Bc6 {[%clk 0:43:10]} 28. Ra1 {[%clk 0:10:24]} a4
{[%clk 0:41:41]} 29. Rf4 {[%clk 0:09:58]} Re6 {[%clk 0:38:57]} 30. g4
{[%clk 0:08:54]} Rf8 31. Rc4 {[%clk 0:06:54]} Nd7 {[%clk 0:25:25]} 32. Rf4
{[%clk 0:01:08]} Nc5 {[%clk 0:20:41]} 33. Nh3 {[%clk 0:01:10]} Rd6
{[%clk 0:19:30]} 34. Ng5 {[%clk 0:00:57]} Rxd3+ {[%clk 0:19:27]} 35. cxd3
{[%clk 0:01:09]} Nb3+ {[%clk 0:19:52]} 36. Kc2 {[%clk 0:01:10]} Nxa1+
{[%clk 0:20:06]} 37. Kb2 {[%clk 0:01:37]} Nb3 {[%clk 0:20:05]} 38. Ne6+
{[%clk 0:02:03]} fxe6 {[%clk 0:20:30]} 39. Rxf8 {[%clk 0:02:31]} Nc5
{[%clk 0:18:24]} 40. d4 {[%clk 0:31:56]} Nd3+ {[%clk 0:46:28]} 41. Ka3
{[%clk 0:31:12]} h5 {[%clk 0:45:26]} 42. Rf6 {[%clk 0:26:39]} Be8
{[%clk 0:24:01]} 43. Rxe6 {[%clk 0:25:18]} Kd8 {[%clk 0:24:16]} 44. gxh5
{[%clk 0:24:12]} gxh5 {[%clk 0:24:13]} 45. Rf6 {[%clk 0:21:32]} Ne1
{[%clk 0:15:40]} 46. Rf2 {[%clk 0:21:36]} Nd3 {[%clk 0:15:22]} 47. Rf1
{[%clk 0:21:08]} Bb5 {[%clk 0:15:45]} 48. Rf5 {[%clk 0:21:21]} Be8
{[%clk 0:16:09]} 49. c4 {[%clk 0:21:05]} Nc1 {[%clk 0:15:17]} 50. c5
{[%clk 0:15:30]} Nb3 {[%clk 0:12:35]} 51. Kb4 {[%clk 0:14:38]} Bd7
{[%clk 0:12:21]} 52. Rf4 {[%clk 0:13:35]} Bc6 {[%clk 0:11:54]} 53. Kc3
{[%clk 0:09:58]} Nc1 {[%clk 0:11:02]} 54. Rf5 {[%clk 0:07:06]} Ne2+
{[%clk 0:09:21]} 55. Kc4 {[%clk 0:06:48]} a3 {[%clk 0:08:47]} 56. Rf8+
{[%clk 0:05:24]} Ke7 {[%clk 0:08:15]} 57. Rf1 {[%clk 0:05:07]} a2
{[%clk 0:07:44]} 58. Ra1 {[%clk 0:00:45]} Nf4 {[%clk 0:04:26]} 59. Kc3
{[%clk 0:00:38]} Bd5 {[%clk 0:04:40]} 60. Re1+ {[%clk 0:00:37]} Kf6
{[%clk 0:05:02]} 61. Ra1 {[%clk 0:00:36]} Kf5 {[%clk 0:04:55]} 62. c6
{[%clk 0:00:32]} Ke6 {[%clk 0:04:30]} 63. Kb2 {[%clk 0:00:34]} Kd6
{[%clk 0:04:43]} 64. Rf1 {[%clk 0:00:36]} Nd3+ {[%clk 0:01:19]} 65. Kc3
{[%clk 0:01:05]} Nf2 {[%clk 0:01:42]} 66. Kb2 {[%clk 0:01:25]} Nd3+
{[%clk 0:00:56]} 67. Kc3 {[%clk 0:01:54]} Nf4 {[%clk 0:00:38]} 68. Kb2
{[%clk 0:02:21]} Nd3+ 69. Kc3 Bxc6 70. Ra1 Nf4 71. Rxa2 Ng2 72. Ra5 Bd5 73. Ra6+
{[%clk 0:00:03]} Bc6 {[%clk 0:00:33]} 1/2-1/2

[Event "MP do 16 lat - chlopcy"]
[Site "Sypniewo"]
[Date "2022.03.26"]
[Round "8.10"]
[White "Czernecki, Andrzej"]
[Black "Zdybel, Przemyslaw"]
[Result "0-1"]
[BlackElo "2008"]
[WhiteElo "1848"]
[LiveChessVersion "1.4.8"]

1. e4 {[%clk 1:30:50]} c5 {[%clk 1:30:55]} 2. Nf3 {[%clk 1:31:13]} d6
{[%clk 1:31:21]} 3. d4 {[%clk 1:31:36]} cxd4 {[%clk 1:31:46]} 4. Nxd4
{[%clk 1:32:03]} Nf6 {[%clk 1:32:13]} 5. Nc3 {[%clk 1:32:29]} a6 {[%clk 1:32:41]}
6. h4 {[%clk 1:32:54]} e5 {[%clk 1:32:50]} 7. Nb3 {[%clk 1:33:15]} Be6
{[%clk 1:23:10]} 8. f4 {[%clk 1:33:08]} exf4 {[%clk 1:22:52]} 9. Bxf4
{[%clk 1:33:19]} Nc6 {[%clk 1:23:15]} 10. Qd2 {[%clk 1:32:45]} d5
{[%clk 1:19:48]} 11. exd5 {[%clk 1:30:43]} Nxd5 {[%clk 1:20:03]} 12. O-O-O
{[%clk 1:26:15]} Bb4 {[%clk 1:17:52]} 13. Bc4 {[%clk 1:02:29]} Nxc3
{[%clk 1:10:17]} 14. Qe3 {[%clk 0:59:37]} Nxd1 {[%clk 1:01:45]} 15. Rxd1
{[%clk 1:00:01]} Qf6 {[%clk 1:01:48]} 16. Bd3 {[%clk 0:51:32]} O-O
{[%clk 0:55:38]} 17. c3 {[%clk 0:48:35]} Bxb3 {[%clk 0:51:56]} 18. axb3
{[%clk 0:48:11]} Rfe8 {[%clk 0:52:07]} 19. Qg3 {[%clk 0:47:42]} Bf8
{[%clk 0:52:29]} 20. Rf1 {[%clk 0:44:32]} Ne5 {[%clk 0:51:53]} 0-1

[Event "MP do 16 lat - chlopcy"]
[Site "Sypniewo"]
[Date "2022.03.26"]
[Round "8.11"]
[White "Zalega, Maciej"]
[Black "Lysakowski, Kamil"]
[Result "1-0"]
[BlackElo "1805"]
[WhiteElo "1994"]
[LiveChessVersion "1.4.8"]

1. e4 {[%clk 1:30:59]} c6 {[%clk 1:30:56]} 2. d4 {[%clk 1:31:11]} d5
{[%clk 1:31:23]} 3. Nc3 {[%clk 1:31:38]} dxe4 {[%clk 1:31:49]} 4. Nxe4
{[%clk 1:32:05]} Bf5 {[%clk 1:32:16]} 5. Ng3 {[%clk 1:32:31]} Bg6
{[%clk 1:32:42]} 6. Nh3 {[%clk 1:32:58]} Nf6 {[%clk 1:33:04]} 7. Nf4
{[%clk 1:33:22]} Nbd7 {[%clk 1:32:07]} 8. h4 {[%clk 1:31:42]} e5 {[%clk 1:32:25]}
9. dxe5 {[%clk 1:31:56]} Qa5+ {[%clk 1:32:38]} 10. c3 {[%clk 1:31:45]} Qxe5+
{[%clk 1:33:01]} 11. Be2 {[%clk 1:32:09]} O-O-O {[%clk 1:21:11]} 12. Qa4
{[%clk 1:32:22]} Bc5 {[%clk 0:52:01]} 13. Nxg6 {[%clk 1:31:58]} hxg6
{[%clk 0:52:07]} 14. Bf4 {[%clk 1:32:25]} Qe7 {[%clk 0:51:10]} 15. O-O
{[%clk 1:32:41]} Rxh4 {[%clk 0:41:11]} 16. Qxc6+ {[%clk 1:33:08]} 1-0